1128 1849 1164 1655 1122 1053 1011 1076 1859 1564 1332 1423 1094 1185 1138 1771 1153 1007 1904 1278 1349 1895 1498 1411 1968 1760 1561 1423 1004 1199 1037 1410 1590 1509 1080 1521 1119 1791 1387 1974 1176 1654 1918 1393 1684 1065 1562 1913 1895 1647 1210 1404 1583 1947 1396 1324 1654 1310 1054 1494 1294 1460 1035 1009 1796 1904 1823 1334 1502 1376 1201 1470 1679 1427 1483 1472 1480 1634 1305 1444 1298 1106 1654 1527 1722 1054 1603 1779 1304 1014 1126 1564 1419 1121 1840 1825 1913 1259 1372 BCNSPRNW ULIB Ver.6.0+V

เปลี่ยนเป็นภาษาไทย

Change to English
 แสดงรายละเอียดบรรณานุกรม
  กลับหน้าหลัก

Brief Record : Get Marc (ISO 2709) : E-mail record : QR code < ปิดหน้าต่าง
LEADER : 00000nam 2200000uu 4500
001    13399113627
003     ULIB
008    111207s2552||||th 000 0 tha d
020    ^a9786115020126
090    ^aนว.^bห215ท 2552
100 0  ^aหยกในโอปอล
245 00 ^aทาสรักกลเสน่หา/^cหยกในโอปอล
250    ^aพิมพ์ครั้งที่ 1
260    ^aกรุงเทพฯ :^bSugar Beat,^c2552
300    ^a292 หน้า
710 1  ^aSugar Beat
945    ^p200^l0^i15782
995    ^aทศพร
999 ^a ทศพร
รายการนี้ยังไม่มีแท็ก
คุณยังไม่ได้ล็อกอิน คุณสามารถมีกิจกรรมร่วมกับเว็บไซต์ได้ แต่ต้องล็อกอินก่อน ::
  ล็อกอิน

รายการสื่อสารสนเทศ

ลำดับที่ ประเภท เลขเรียก/บาร์โค้ด สถานที่ สถานะ
1. นวนิยาย
นวนิยาย
นว. ห215ท 2552 ฉ.1 
  Barcode: 15782
ห้องสมุดวิทยาเขตสวรรค์ประชารักษ์
►นวนิยาย
บนชั้น
  ขอยืม

BibComment


ยังไม่เคยถูกคอมเมนท์

คอมเมนท์ทรัพยากรรายการนี้
  คอมเมนท์: ทาสรักกลเสน่หา ห..


 Copyright 2026. Bcnsprnw @Library